LDR 01042naa#a2200205#i#450# 001 RU\\bibl\121441 005 20260429062334.3 011 ## _a1994-4683 100 ## _a20230531b2023####ek#y0rusy0150####ca 102 ## _aRU 200 1# _aОЦЕНКА АДАПТАЦИОННЫХ ИЗМЕНЕНИЙ ТЯЖЕЛОАТЛЕТОВ ВЫСОКОЙ КВАЛИФИКАЦИИ С ИСПОЛЬЗОВАНИЕМ БИОХИМИЧЕСКИХ МАРКЕРОВ _eЖурнальная статья 210 1# _aМосква _cНациональный государственный Университет физической культуры, спорта и здоровья им. П.Ф. Лесгафта _d2023 215 ## _a4 с. 608 ## _aЖурнальная статья _2local 675 ## _aПрочие виды единоборства и тяжелой атлетики. 796.89 _z 700 #1 _aНевзорова _gТ Г 700 #1 _aШешурина _gТ А 700 #1 _aАфанасьева _gИ А 700 #1 _aТалибов _gА Х 856 4# _auchzapiski.lesgaft.spb.ru _u